| 000 | 00602nam a2200169 i 4500 | ||
|---|---|---|---|
| 001 | 41691 | ||
| 003 | ES-MaACL | ||
| 005 | 20230906160457.0 | ||
| 007 | t| | ||
| 008 | 030311s1894 sp ||||1| spa d | ||
| 100 | 1 |
_aCasanova y Ciurana, Antonio. _936119 |
|
| 245 | 1 | 0 |
_aTeoría y práctica de la antisepsia gastro-intestinal _b: tesis del doctorado / _cAntonio Casanova Ciurana. |
| 260 |
_aValencia : _b[s.n.], _c1894 ( _fImp. de Federico Domenech) |
||
| 300 |
_a64 p. ; _c25 cm. |
||
| 502 | _aTesis doctoral. | ||
| 852 |
_aES-MaACL _jT-836-F-4 _z.- Enc. en un vol. facticio conservando la enc. original |
||
| 999 |
_c41691 _d41691 |
||